[Event "North Island-ch Staurt Memorial"]
[Site "Auckland"]
[Date "2023.07.15"]
[Round "6"]
[White "Metge, J Nigel"]
[Black "Po`E Tofaeono, Grayson"]
[Result "0-1"]
[WhiteElo "1898"]
[BlackElo "1571"]
[PlyCount "80"]
[EventDate "2023.07.13"]
[EventType "swiss"]
[EventRounds "8"]
[EventCountry "NZL"]
[SourceTitle "EXT 2024"]
[Source "ChessBase"]
[SourceDate "2023.10.10"]
[SourceVersion "1"]
[SourceVersionDate "2023.10.10"]
[SourceQuality "1"]

1. d4 Nf6 2. c4 c5 3. d5 e5 4. Nc3 d6 5. e4 a6 6. Be2 Be7 7. Nf3 Nbd7 8. g4 h6 9. Rg1 Nh7 10. Be3 Ng5 11. Bd3 Bf6 12. Rg3 Nf8 13. Bc2 Ng6 14. Ba4+ Kf8 15. Ng1 Bd7 16. Bxd7 Qxd7 17. a4 Qd8 18. Qb3 Rb8 19. a5 Kg8 20. Nf3 Nxf3+ 21. Rxf3 Nh4 22. Rg3 Ng6 23. Ne2 b6 24. axb6 Rxb6 25. Qc2 Qb8 26. Bc1 Bg5 27. Rga3 Bxc1 28. Qxc1 Qb7 29. R1a2 Kh7 30. g5 Rb8 31. gxh6 gxh6 32. Rh3 Rxb2 33. Rxb2 Qxb2 34. Qxh6+ Kg8 35. Qh7+ Kf8 36. Qh6+ Ke8 37. Qe3 Qa1+ 38. Nc1 Rb1 39. Kd1 Nf4 40. Qc3 Nxh3 0-1